=LDR 00000nam 2200000 4500 =001 INLIS000000000018262 =005 20130612113437 =008 ***********************************Ind** =035 ##$$0010-061300000018262 =041 ##$$a Ind =082 ##$$a 635.3 =090 ##$$a 635.3, Pit b =100 ##$$a Pitojo, Setijo =245 ##$$a Budidaya bestru, Setijo Pitajo =260 ##$$a 1997 $b Yogyakarta =300 ##$$a 77 hlm, ilus, 21 cm =650 ##$$a Bestru-Budidaya =850 ##$$a NBPNMAT